| Tag |
First Indicator |
Second Indicator |
Subfields |
| LEADER |
00000nam a2200000 i 4500 |
| 001 |
in00004792606 |
| 003 |
OCoLC |
| 005 |
20201130094155.1 |
| 006 |
m o d |
| 007 |
cr cnu---unuuu |
| 008 |
200310s2020 mdu ob 001 0 eng |
| 010 |
|
|
|a 2020011302
|
| 024 |
8 |
|
|a 99996551506
|
| 040 |
|
|
|a DLC
|b eng
|e rda
|c DLC
|d OCLCO
|d OCLCQ
|d OCLCF
|d N$T
|d YDX
|
| 020 |
|
|
|a 9781538136973
|q electronic book
|
| 020 |
|
|
|a 153813697X
|q electronic book
|
| 020 |
|
|
|z 9781538136966
|q hardcover
|
| 035 |
|
|
|a (OCoLC)1147930227
|
| 042 |
|
|
|a pcc
|
| 050 |
|
4 |
|a PN1992.8.S74
|b H43 2020
|
| 082 |
0 |
0 |
|a 791.45/75
|2 23
|
| 100 |
1 |
|
|a Heath, K. M.,
|d 1952-
|e author.
|
| 245 |
1 |
4 |
|a The voyages of Star trek :
|b a mirror on American society through time /
|c K.M. Heath, A.S. Carlisle.
|
| 264 |
|
1 |
|a Lanham, Maryland :
|b Rowman & Littlefield,
|c [2020]
|
| 300 |
|
|
|a 1 online resource ( xx, 207 pages) :
|
| 336 |
|
|
|a text
|b txt
|2 rdacontent
|
| 337 |
|
|
|a computer
|b c
|2 rdamedia
|
| 338 |
|
|
|a online resource
|b cr
|2 rdacarrier
|
| 504 |
|
|
|a Includes bibliographical references and index.
|
| 505 |
0 |
|
|a Mirror, mirror : Star trek 1966-1969 -- Interlude I : Star trek fandom 1969-1987 -- Encounter at farpoint : The next generation 1987-1994 -- Q-less : Deep Space Nine 1993-1999 -- Living witness : Voyager 1995-2001 -- Terra prime : Enterprise 2001-2005 -- Interlude II : Star trek fandom 2005-2017 -- Context is for kings : discovery 2017- -- Star trek in the theaters -- Melding 50-plus years.
|
| 588 |
|
|
|a Description based on online resource; title from digital title page (viewed on November 30, 2020).
|
| 650 |
|
0 |
|a Star Trek television programs
|x History and criticism.
|
| 650 |
|
0 |
|a Star Trek films
|x History and criticism.
|
| 650 |
|
7 |
|a Star Trek films.
|2 fast
|0 (OCoLC)fst01131556
|
| 650 |
|
7 |
|a Star Trek television programs.
|2 fast
|0 (OCoLC)fst01131562
|
| 655 |
|
7 |
|a Electronic books.
|2 local
|
| 700 |
1 |
|
|a Carlisle, A. S.,
|d 1953-
|e author.
|
| 710 |
2 |
|
|a EBSCOhost
|
| 776 |
1 |
8 |
|i Print version:
|a Heath, K. M., 1952-
|t The voyages of Star trek
|d Lanham : Rowman & Littlefield, [2020]
|z 9781538136966
|w (DLC) 2020011301
|
| 856 |
4 |
0 |
|u http://proxy.library.tamu.edu/login?url=https://search.ebscohost.com/login.aspx?direct=true&scope=site&db=nlebk&db=nlabk&AN=2639611
|z Connect to the full text of this electronic book
|t 0
|
| 945 |
|
|
|b 93622
|
| 955 |
|
|
|a YBP purchased firm e-records
|
| 980 |
|
|
|b usergen
|c 99996551506
|g 565752
|k USD
|m 96.80
|n Rick Pulos, rickpulos@tamu.edu
|q 1
|s AcqMono Conventional
|t Purchase at vendor system
|u Vendor order reference number
|v ZYBP
|y grad - electronic
|z Electronic resource
|
| 999 |
f |
f |
|i 09e92bb8-5ee8-47d2-afa1-6a95d98fae72
|s 8187a85f-72af-4560-8f72-0d7aa894c17a
|t 0
|
| 952 |
f |
f |
|a Texas A&M University
|b College Station
|c Electronic Resources
|s www_evans
|d Available Online
|t 0
|e PN1992.8.S74 H43 2020
|h Library of Congress classification
|